Every EToH Tower: Part 1 | The Rings - Statistics

General Stats
  • This quiz has been taken 12 times
  • The average score is 65 of 138
Answer Stats
Area Tower % Correct
Ring 0: Purgatorio Citadel of Victory
100%
Ring 1: Limbo Not Even A Tower
100%
Ring 1: Limbo Tower of A Simple Time
100%
Ring 0: Purgatorio Tower of Genesis
100%
Ring 1: Limbo Tower of Hecc
100%
Ring 1: Limbo Tower of Anger
86%
Ring 0: Purgatorio Tower of Buttons
86%
Ring 0: Purgatorio Tower of Dancing All Night
86%
Ring 1: Limbo Tower of Keyboard Yeeting
86%
Ring 1: Limbo Tower of Killjoys
86%
Ring 1: Limbo Tower of Madness
86%
Ring 0: Purgatorio Tower of Motion Evolution
86%
Ring 1: Limbo Tower of Rage
86%
Ring 1: Limbo Tower of True Skill
86%
Ring 1: Limbo Citadel of Laptop Splitting
71%
Ring 2: Desire Maybe A Tower
71%
Ring 1: Limbo Thanos Tower
71%
Ring 0: Purgatorio Tower Not Found
71%
Ring 0: Purgatorio Tower of Boost Mayhem
71%
Ring 0: Purgatorio Tower of Critical Damage
71%
Ring 1: Limbo Tower of Impossible Expectations
71%
Ring 0: Purgatorio Tower of Keys To Success
71%
Ring 0: Purgatorio Tower of Kinetic Potential
71%
Ring 0: Purgatorio Tower of No Strings Attached
71%
Ring 1: Limbo Tower of Screen Punching
71%
Ring 1: Limbo Tower of Stress
71%
Ring 3: Gluttony Citadel of Heights and Depths
57%
Ring 2: Desire Citadel of Wacky Strategy
57%
Ring 6: Heresy Tower of A Depressing Future
57%
Ring 3: Gluttony Tower of Ancient Trickery
57%
Ring 2: Desire Tower of Big Hole
57%
Ring 2: Desire Tower of Cold Hands
57%
Ring 3: Gluttony Tower of Confusion
57%
Ring 2: Desire Tower of Deep Darkness
57%
Ring 2: Desire Tower of Difficulty Chart
57%
Ring 2: Desire Tower of Eternal Suffering
57%
Ring 7: Violence Tower of Extreme Hell
57%
Ring 2: Desire Tower of Falling and Failing
57%
Ring 3: Gluttony Tower of Fatness
57%
Ring 3: Gluttony Tower of Funny Thoughts
57%
Ring 3: Gluttony Tower of Inverted Colors
57%
Ring 3: Gluttony Tower of Lotsa Damage
57%
Ring 1: Limbo Tower of Noticeable Infuriation
57%
Ring 2: Desire Tower of Overcoming Hatred
57%
Ring 2: Desire Tower of Phone Snapping
57%
Ring 2: Desire Tower of Shattered Dreams
57%
Ring 2: Desire Tower of Table Flipping
57%
Ring 2: Desire Tower of Traps
57%
Ring 0: Purgatorio Tower of Various Pressures
57%
Ring 3: Gluttony Tower of Wall Hugging
57%
Ring 5: Wrath Citadel of Contrasting Regions
43%
Ring 9: Treachery Citadel of Lethargy
43%
Ring 6: Heresy Citadel of Scythe Recognition
43%
Ring 7: Violence Citadel of True Exasperation
43%
Ring 4: Greed Citadel of Uneasiness
43%
Ring 9: Treachery Tower of Journey's End
43%
Ring 7: Violence Tower of Never Giving Up, Ever
43%
Ring 6: Heresy Fortunately Not A Tower
43%
Ring 3: Gluttony Totally A Tower
43%
Ring 9: Treachery Tower of Augmented Misery
43%
Ring 9: Treachery Tower of Bent Trauma
43%
Ring 9: Treachery Tower of Bloodthirsty Kenos
43%
Ring 9: Treachery Tower of Champion's Road
43%
Ring 4: Greed Tower of Corrupted Nightmares
43%
Ring 9: Treachery Tower of Cruel Punishment
43%
Ring 9: Treachery Tower of Curved Ascent
43%
Ring 3: Gluttony Tower of Deep Sighing
43%
Ring 3: Gluttony Tower of Despair
43%
Ring 6: Heresy Tower of Dispersed Rooms
43%
Ring 7: Violence Tower of Elongated Runs
43%
Ring 6: Heresy Tower of Environmental Pain
43%
Ring 8: Fraud Tower of Externalizing Insanity
43%
Ring 6: Heresy Tower of Friendly Jumps
43%
Ring 9: Treachery Tower of Frightening and Confusing Trials
43%
Ring 5: Wrath Tower of Frightening Nightmares
43%
Ring 8: Fraud Tower of Generation Failure
43%
Ring 5: Wrath Tower of Glitching and Healing
43%
Ring 9: Treachery Tower of High Adrenaline
43%
Ring 5: Wrath Tower of Icy Blizzards
43%
Ring 6: Heresy Tower of Impossible Movement
43%
Ring 4: Greed Tower of Inception
43%
Ring 9: Treachery Tower of Nervous Sweating
43%
Ring 7: Violence Tower of Never Ending Dizziness
43%
Ring 6: Heresy Tower of Niflheim
43%
Ring 9: Treachery Tower of Pastel Pillars
43%
Ring 9: Treachery Tower of Questionable Trials
43%
Ring 6: Heresy Tower of Radiant Realms
43%
Ring 3: Gluttony Tower of Slight Inconvenience
43%
Ring 6: Heresy Tower of Strategic Mechanics
43%
Ring 8: Fraud Tower of Suffering Outside
43%
Ring 7: Violence Tower of Terrifying Beauty
43%
Ring 5: Wrath Tower of Tokyo Heights
43%
Ring 6: Heresy Tower of Twisted Inquisition
43%
Ring 8: Fraud Tower of Verdant Entropy
43%
Ring 4: Greed Tower of Vivid Sections
43%
Ring 3: Gluttony Tower of Winning Every Run
43%
Ring 7: Violence Tower of Yearning Victory
43%
Ring 4: Greed Will Be A Tower
43%
Ring 8: Fraud Citadel of Constant Heart Stopping
29%
Ring 9: Treachery Tower of Beat Block Berserk
29%
Ring 7: Violence Far From A Surprising Tower
29%
Ring 5: Wrath Likely A Tower
29%
World 1 Finale: The Final Stretch Obelisk of Hell
29%
Ring 7: Violence Tower of Collective Collaboration
29%
Ring 7: Violence Tower of Distorted Aerodynamics
29%
Ring 5: Wrath Tower of Downward Mobility
29%
Ring 4: Greed Tower of Dust and Decay
29%
Ring 4: Greed Tower of Elysium
29%
Ring 5: Wrath Tower of Extraordinary Adventures
29%
Ring 7: Violence Tower of Feeling Lazy
29%
Ring 5: Wrath Tower of Floral Fury
29%
Ring 6: Heresy Tower of Flustering Sections
29%
Ring 5: Wrath Tower of Fractured Obstacles
29%
Ring 4: Greed Tower of Getting Gnomed
29%
Ring 9: Treachery Tower of Great Overcomings
29%
Ring 4: Greed Tower of Holy Flip
29%
Ring 6: Heresy Tower of Intense Solar Chaos
29%
Ring 4: Greed Tower of Leaning Ledges
29%
Ring 4: Greed Tower of Linonophobia
29%
Ring 8: Fraud Tower of Mean Tasks
29%
Ring 4: Greed Tower of Nonsensical Platforms
29%
Ring 4: Greed Tower of Oblivion
29%
Ring 7: Violence Tower of Rushed Building
29%
Ring 4: Greed Tower of Terrible Mondays
29%
Ring 7: Violence Tower of Ultraviolet
29%
Ring 8: Fraud Tower of Aamos' Anger
14%
Ring 8: Fraud Tower of Insanely Innovative Ideas
14%
Ring 8: Fraud Tower of Needing Basic Aptitude
14%
Ring 5: Wrath Tower of Nice Views
14%
Ring 5: Wrath Tower of Obvious Chaos
14%
Ring 7: Violence Tower of Orientating Oscillating Opinions
14%
Ring 5: Wrath Tower of Rigid Success
14%
Ring 8: Fraud Tower of Somewhat Simple Scaling
14%
Ring 4: Greed Tower of Spiralling Heights
14%
Ring 5: Wrath Tower of Trivial Resentment
14%
Ring 8: Fraud Tower of Uneasy Scaling
14%
Ring 8: Fraud Tower of Voluminous Framework
14%
Ring 8: Fraud Tower of Vibrant Adventures
0%
No matching quizzes found
Score Distribution
Percent of People with Each Score
Percentile by Number Answered
Your Score History
You have not taken this quiz